000 00218 a2200097 4500
001 15121
100 _aStigler G.J
245 _aThe theory of price
260 _aNew York
_bMacmillan company
_c
090 _c11871
_d11871
942 _aNUST-CAE
_cM
_c2082
999 _c250194
_d250194